00411nam a2200145Ia 4500003000900000008004100009020001800050040001600068080002100084100002100105245007700126260003800203300001100241650001300252IN-BaIIA211028s9999 xx 000 0 eng d a81-900461-3-6 cIIA Library a058(540)bMAT-01 aMathew, K. M.  0aManorama year book 2001cK. M. Mathew  aKollayambMalayala Manoramac2001 a824 p. ayearbook